[Event "1 division 2002/03"]
[Site "Denmark"]
[Date "2003.03.16"]
[Round "7.5"]
[White "Skousen, Nikolai"]
[Black "Husted, Peter"]
[Result "1/2-1/2"]
[WhiteElo "2265"]
[BlackElo "2191"]
[PlyCount "56"]
[EventDate "2002.11.03"]
[EventType "team-tourn"]
[EventRounds "7"]
[EventCountry "DEN"]
[WhiteTeam "Bronshoj"]
[BlackTeam "Aarhus"]
[WhiteTeamCountry "DEN"]
[BlackTeamCountry "DEN"]

1. d4 d5 2. Nc3 e6 3. e4 Nf6 4. Bg5 dxe4 5. Nxe4 Be7 6. Bxf6 Bxf6 7. Nf3 Bd7 8.
Bd3 Bc6 9. c3 Bxe4 10. Bxe4 c6 11. Qe2 Nd7 12. O-O O-O 13. Rfe1 g6 14. Rad1 Qa5
15. Bb1 Rad8 16. Rd3 Qc7 17. h4 c5 18. h5 cxd4 19. Nxd4 Bxd4 20. Rxd4 Nf6 21.
Rc4 Qe7 22. hxg6 hxg6 23. Qe3 b6 24. Qh6 Rd5 25. Rh4 Rh5 26. Rxh5 Nxh5 27. Re3
Rd8 28. Bd3 Qf8 1/2-1/2

[Event "1 division 2002/03"]
[Site "Denmark"]
[Date "2003.03.16"]
[Round "7.6"]
[White "Jensen, Jacob Bjerre"]
[Black "Carstensen, Jacob"]
[Result "1/2-1/2"]
[WhiteElo "2169"]
[BlackElo "2256"]
[PlyCount "94"]
[EventDate "2002.11.03"]
[EventType "team-tourn"]
[EventRounds "7"]
[EventCountry "DEN"]
[WhiteTeam "Aarhus"]
[BlackTeam "Bronshoj"]
[WhiteTeamCountry "DEN"]
[BlackTeamCountry "DEN"]

1. d4 d5 2. c4 c6 3. Nc3 Nf6 4. e3 e6 5. Nf3 Nbd7 6. Bd3 Bd6 7. e4 dxe4 8. Nxe4
Nxe4 9. Bxe4 e5 10. O-O O-O 11. dxe5 Nxe5 12. Nxe5 Bxe5 13. Bxh7+ Kxh7 14. Qh5+
Kg8 15. Qxe5 Re8 16. Qc3 Bf5 17. b3 Qd3 18. Bb2 Qxc3 19. Bxc3 Rad8 20. Rfe1
Rxe1+ 21. Rxe1 Bc2 22. f4 Rd1 23. Rxd1 Bxd1 24. Kf2 Bc2 25. b4 Bb1 26. a4 Ba2
27. c5 Bb3 28. a5 f6 29. g4 Kf7 30. f5 a6 31. Kg3 Bd1 32. Bd2 Be2 33. Bf4 Bd1
34. h4 Be2 35. h5 Bd1 36. h6 gxh6 37. Bxh6 Be2 38. Kf4 Bd1 39. g5 fxg5+ 40.
Bxg5 Bc2 41. Ke5 Bd3 42. Bc1 Bc2 43. Bb2 Bd3 44. f6 Bb5 45. Kd6 Ba4 46. Kc7 Bb5
47. Kxb7 Ke6 1/2-1/2

[Event "1 division 2002/03"]
[Site "Denmark"]
[Date "2003.03.16"]
[Round "7.7"]
[White "Palm, Nikolaj"]
[Black "Pedersen, Jan Rode"]
[Result "1-0"]
[WhiteElo "2252"]
[BlackElo "2160"]
[PlyCount "89"]
[EventDate "2002.11.03"]
[EventType "team-tourn"]
[EventRounds "7"]
[EventCountry "DEN"]
[WhiteTeam "Bronshoj"]
[BlackTeam "Aarhus"]
[WhiteTeamCountry "DEN"]
[BlackTeamCountry "DEN"]

1. d4 c5 2. e3 e6 3. Nf3 Nf6 4. Bd3 b6 5. O-O Bb7 6. Nbd2 Be7 7. b3 O-O 8. Bb2
Nc6 9. a3 d6 10. c4 Qc7 11. Rc1 e5 12. Qc2 g6 13. Qc3 Nd7 14. dxe5 dxe5 15. Be4
Bf6 16. Qc2 Bg7 17. Nb1 Ne7 18. Nc3 Bxe4 19. Qxe4 f5 20. Qh4 Bf6 21. Ng5 Rf7
22. Qh6 Bxg5 23. Qxg5 a6 24. Rcd1 Nf6 25. h3 Rd8 26. Rxd8+ Qxd8 27. Rd1 Qc7 28.
Qg3 f4 29. exf4 Nf5 30. Qg5 exf4 31. Ne2 f3 32. Nf4 Ne4 33. Rd8+ Rf8 34. Rxf8+
Kxf8 35. Ne6+ Kg8 36. Qxf5 gxf5 37. Nxc7 fxg2 38. Kxg2 Nd2 39. Ne6 Nxb3 40. Bc3
Nc1 41. Nc7 Ne2 42. Nd5 Kf7 43. Kf1 Nc1 44. Nxb6 Ke6 45. Nd5 1-0

[Event "1 division 2002/03"]
[Site "Denmark"]
[Date "2003.03.16"]
[Round "7.8"]
[White "Jensen, Vagn"]
[Black "Varberg, Kenneth"]
[Result "1/2-1/2"]
[WhiteElo "2158"]
[BlackElo "2265"]
[PlyCount "120"]
[EventDate "2002.11.03"]
[EventType "team-tourn"]
[EventRounds "7"]
[EventCountry "DEN"]
[WhiteTeam "Aarhus"]
[BlackTeam "Bronshoj"]
[WhiteTeamCountry "DEN"]
[BlackTeamCountry "DEN"]

1. e4 c5 2. Nf3 d6 3. b3 Nc6 4. Bb5 Bd7 5. O-O Nf6 6. Re1 e5 7. c3 Qc7 8. d4 a6
9. Bxc6 Bxc6 10. d5 Bd7 11. c4 g6 12. Nc3 Bg7 13. Qd3 O-O 14. Rb1 h6 15. Nd2
Nh5 16. g3 Qa5 17. a3 Qc7 18. b4 b6 19. bxc5 bxc5 20. Nb3 f5 21. f3 Nf6 22. Re2
fxe4 23. Nxe4 Nxe4 24. fxe4 Bg4 25. Reb2 Rab8 26. Be3 Bh3 27. Nd2 Kh7 28. Rxb8
Rxb8 29. Rxb8 Qxb8 30. Qb3 Qxb3 31. Nxb3 Bf8 32. Bd2 Bd7 33. Na5 Kg7 34. Kf2
Kf7 35. Ke2 g5 36. Nb3 Be7 37. Be3 h5 38. Nd2 g4 39. Kd3 Ba4 40. Nf1 Kg6 41.
Bd2 Bd7 42. Ba5 Kf7 43. Ne3 Bf8 44. Bc7 Ke7 45. Ba5 Bg7 46. Bc7 Bf6 47. Ba5 Kf7
48. Bc7 Be7 49. Ba5 h4 50. Be1 h3 51. Ba5 Bf6 52. Bc3 Bd8 53. Be1 a5 54. Bc3 a4
55. Be1 Bc8 56. Bc3 Bg5 57. Ba5 Ke7 58. Bd2 Kf6 59. Nf1 Bd7 60. Bxg5+ Kxg5
1/2-1/2